000 01019nam a2200289 a 4500
001 000026391
003 DO-SdBNP
005 20221121110651.0
007 ta
008 110316s2007 dr a 000 0 spa d
040 _aDO-SdBNP
_bspa
_cBPMSU
082 4 _a338.642
_bG993t 2007
_222
100 1 _aGuzmán, Rolando M.
245 1 0 _aTamaño, eficiencia y uso de la capacidad instalada en las pequeñas y medianas empresas de la República Dominicana /
_cRolando M . Guzmán ; Marina Ortiz
260 _aSanto Domingo :
_bAmigo del Hogar,
_c2007.
300 _a68 p. :
_bil., gráf. ;
_c23 cm.
504 _aBibliografía : p. 65-68
590 _aInventariado, 2022/VM
650 4 _aMicroempresas
_zRepública Dominicana
_x
650 4 _aPequeña y mediana empresa
_xDiagnóstico
_xMetodología .
_z
650 4 _a
700 1 _aOrtíz, Marina
_e
710 2 _aFondo para el Financiamiento de la Microempresa (República Dominicana)
710 2 _aBanco Mundial
910 _aVMateo V./Validado
942 _2ddc
_cBK
999 _c14336
_d14336